U.S. Cities Based Off Stadium (Pictures) - Statistics

General Stats
  • This quiz has been taken 19 times
  • The average score is 10 of 15
Answer Stats
Picture Answer % Correct
Atlanta
82%
Denver
76%
Houston
71%
New Orleans
71%
Pittsburgh
71%
Seattle
71%
Charlotte
65%
Cincinnati
65%
Dallas
65%
Minneapolis
65%
Indianapolis
59%
Jacksonville
59%
Philadelphia
59%
Nashville
53%
Tampa
47%
No matching quizzes found
Score Distribution
Percent of People with Each Score
Percentile by Number Answered
Your Score History
You have not taken this quiz